Statistiques concernant Plantes VS Zombies par images

Cliquez ici pour prendre le quiz!

Statistiques générales

  • Ce quiz a été pris 19 fois
  • Le résultat moyen est 21 sur 76

Statistiques - réponses

Réponse% Correct
Tournesol
89%
Pisto-pois
84%
Noix
74%
Mine Patate
53%
Bombe Cerise
47%
Champi-soleil
47%
Double Pisto-pois
47%
Grande Noix
47%
Nénuphar
47%
Triple Pisto-pois
47%
Zombie
47%
Ail
42%
Champi-glace
42%
Double Tournesol
42%
Cactus
37%
Carambole
37%
Cata-chou
37%
Champi-fumée
37%
Champi-hypno
37%
Champi-mort
37%
Citrouille
37%
Gargantua
37%
Jalapeño
37%
Mordeur
37%
Torche
37%
Zombie Cône
37%
Zombie Danseur
37%
Zombie Dauphin
37%
Zombie Journal
37%
Zombie Mineur
37%
Zombie Yéti
37%
Algue
32%
Champi-gnon
32%
Dave le Dingo
32%
Diablotin
32%
Écraseur
32%
Ortie
32%
Zombie Ballon
32%
Zombie Drapeau
32%
Zombie Seau
32%
Cata-melon
26%
Champi-aimant
26%
Champi-peureux
26%
Pois Geleur
26%
Zombie Échelle
26%
Zombie Quaterback
26%
Cata-graine
21%
Grain de Café
21%
Imitateur
21%
Trouffle
21%
Zombie Moustiquaire
21%
Zombie-pogo
21%
Champi-mer
16%
Courge
16%
Double Pois
16%
Pot de Fleur
16%
Souci
16%
Zombie Canard
16%
Dr. Zomboss
11%
Jonc
11%
Sulfateuse à Pois
11%
Zombie Bobsleigh
11%
Zombie Catapulte
11%
Zombie Tuba
11%
Aimant en Or
5%
Pierre Épineuse
5%
Planterne
5%
Zombie Danseur de Fond
5%
Zombie Diable
5%
Zombie Perchiste
5%
Zomboni
5%
Canon à Épi
0%
Champi-sombre
0%
Éclateur de Tombes
0%
Feuille-parapluie
0%
Zombie-bungie
0%

Distribution des résultats

Percentile par nombre de réponses

% des personnes avec chaque résultat

Votre développement - résultats

Vous n’avez pas pris ce quiz